The time merchants and other strange tales / (Record no. 77086)

MARC details
000 -LEADER
fixed length control field 00543nam a22001817a 4500
005 - DATE AND TIME OF LATEST TRANSACTION
control field 20130913112602.0
010 ## - LCCN (DPL NO)
LC control number ENG-107796
020 ## - INTERNATIONAL STANDARD BOOK NUMBER
International Standard Book Number 9789382536079
Terms of availability 160.00
035 ## - SYSTEM CONTROL NUMBER
System control number EN-91329
037 ## - SOURCE OF ACQUISITION
Source of stock number/acquisition DBAD/PUB
082 ## - DEWEY DECIMAL CLASSIFICATION NUMBER
Classification number S
100 ## - MAIN ENTRY--PERSONAL NAME
Personal name Murthy, Vasudev
245 ## - TITLE STATEMENT
Title The time merchants and other strange tales /
Statement of responsibility, etc by Vasudev Murthy
260 ## - PUBLICATION, DISTRIBUTION, ETC. (IMPRINT)
Place of publication, distribution, etc New Delhi
Name of publisher, distributor, etc LiFi Publications Pvt. Ltd.
Date of publication, distribution, etc 2013
270 ## - ADDRESS
Address 211, 2nd Floor, Gagandeep 12, Rajendra Place
City New Delhi
Postal code 110008
300 ## - PHYSICAL DESCRIPTION
Extent ix,155 p.
Dimensions 18cm(pbk)
942 ## - ADDED ENTRY ELEMENTS (KOHA)
Source of classification or shelving scheme Dewey Decimal Classification
Item type English Books
Call number suffix MUR
Classification part S
Holdings
Withdrawn status Lost status Not for loan Collection code Home library Current library Date acquired Source of acquisition Cost, normal purchase price Full call number Barcode Copy number Cost, replacement price Koha item type
    Not For Loan Fiction D.B.Act.Division D.B.Act.Division 01/07/2013 DBAD/PUB 160.00 S MUR EN-91329 1 160.00 English Books

© Delhi Public Library
Hit Counter
free hit counter